| 000 | 00544nam a22001697a 4500 | ||
|---|---|---|---|
| 003 | OSt | ||
| 005 | 20251127122050.0 | ||
| 008 | 251127b |||||||| |||| 00| 0 eng d | ||
| 020 | _a978-971-95301-2-1 | ||
| 040 |
_aDWCL - Main _cOC |
||
| 082 | _aProf. 153.8 C411L 2019 | ||
| 100 | _aCervantes, Christopher G. | ||
| 245 |
_aLife Begins / _cChristopher G. Cervantes |
||
| 260 |
_aSan Jose del Monte City, Bulacan, Philippines: _bCardinal Buoy Publications, _cc2019. |
||
| 300 |
_a242 pages: _billustration; _c21cm. |
||
| 942 |
_2ddc _cPROF. _kProf. _n0 |
||
| 999 |
_c6460 _d6460 |
||